| Tag |
First Indicator |
Second Indicator |
Subfields |
| LEADER |
00000pam a2200000 a 4500 |
| 001 |
in00000085453 |
| 005 |
20151008061504.0 |
| 008 |
811202s1982 ohu b s00010 eng |
| 010 |
|
|
|a 81022288
|
| 020 |
|
|
|a 0814203280 :
|c $15.00
|
| 035 |
|
|
|a (OCoLC)08032384
|
| 035 |
|
|
|9 AAJ8174AM
|
| 039 |
0 |
|
|a 2
|b 3
|c 3
|d 3
|e 3
|
| 040 |
|
|
|a DLC
|c DLC
|d TXA
|d UtOrBLW
|
| 041 |
1 |
|
|a eng
|a ita
|
| 049 |
|
|
|a TXAM
|c [388222]
|
| 050 |
0 |
0 |
|a PQ4835.E47
|b A24 1982
|
| 082 |
0 |
|
|a 851/.914
|2 19
|
| 100 |
1 |
|
|a Penna, Sandro.
|
| 245 |
1 |
0 |
|a This strange joy :
|b selected poems of Sandro Penna ; translated from the Italian by W.S. Di Piero.
|
| 264 |
|
1 |
|a Columbus :
|b Ohio State University Press,
|c [1982]
|
| 264 |
|
4 |
|c ©1982
|
| 300 |
|
|
|a xix, 135 pages ;
|c 24 cm.
|
| 336 |
|
|
|a text
|b txt
|2 rdacontent
|
| 337 |
|
|
|a unmediated
|b n
|2 rdamedia
|
| 338 |
|
|
|a volume
|b nc
|2 rdacarrier
|
| 500 |
|
|
|a English and Italian.
|
| 504 |
|
|
|a Includes bibliographical references.
|
| 999 |
|
|
|a MARS
|
| 999 |
f |
f |
|s b668840d-4b6e-3016-a0a0-c64984f8513c
|i 7f41b586-9259-3b2d-b5e1-d79f75358d31
|t 0
|
| 952 |
f |
f |
|p ric
|a Texas A&M University
|b Rellis Campus
|c Joint Library Facility
|d Remote Storage
|t 0
|e PQ4835.E47 A24 1982
|h Library of Congress classification
|i unmediated -- volume
|m A14806181186
|
| 998 |
f |
f |
|a PQ4835.E47 A24 1982
|t 0
|l Remote Storage
|